Husitská nevesta

Bibliographic Details
Main Author: Zguriška, Zuzka, 1900-1984 (Author)
Other Authors: Boukal, Václav, 1922-2007 (Illustrator)
Format: Book
Language:Slovak
PhysicalDescription:215, [1] s., [8] fareb. obr. príl. 8°
Published: Bratislava Mladé letá 1974
Edition:2. vyd.
Subjects:

MARC

LEADER 00000cam a2200000 a 4500
001 vtls008340681
003 SK-MaSNL
005 20260301221112.0
008 190102s1974 xo a j 000 f slo
015 |a SNBA1974/03-01051 
020 |q (viaz.) 
035 |a SK01SNK19740032898 
035 |a SKM000035361 
040 |a SNK  |b slo  |c SNK  |e AACR2 
041 1 |a slo 
044 |a xo  |c SK 
072 7 |a 821.162.4-3  |x Slovenská próza  |2 konspekt 
080 |a 821.162.4-32  |2 2011 
100 1 |a Zguriška, Zuzka,  |d 1900-1984  |4 aut  |9 37629 
245 1 0 |a Husitská nevesta  |c Zuzka Zguriška ; ilustroval Václav Boukal 
250 |a 2. vyd. 
260 |a Bratislava  |b Mladé letá  |c 1974  |e Banská Bystrica  |f Tlačiarne SNP 
300 |a 215, [1] s., [8] fareb. obr. príl.  |c 8° 
521 8 |a Pre čitateľov od 11 rokov 
563 |a 20000 výtl. 
655 7 |a slovenské poviedky  |2 SNKPH  |9 70226 
655 7 |a Slovak stories  |2 SNKPHeng  |9 277112 
700 1 |a Boukal, Václav,  |d 1922-2007  |4 ill  |9 193190 
852 |a Štátna vedecká knižnica v Banskej Bystrici 
958 |a RK 
958 |a TL 
958 |a LX 
958 |a DB 
958 |a OND 
999 |c 934513  |d 936443 
952 |a SNK  |b SNK  |y PREZ  |7 0  |o snkSC 33328  |0 0  |1 0  |4 0  |d 2020-04-17  |l 0  |r 2026-02-24 08:59:40  |w 2026-02-24 
952 |a SNK  |b SNK  |y VYP  |7 0  |o snkSC 33328 D1  |0 0  |1 0  |4 0  |d 2020-04-17  |l 0  |r 2026-02-24 08:59:40  |w 2026-02-24